00556 2200205 4500001002100000008004100021035002000062245010500082100002100187250000600208260004100214300001100255084001400266082000800280650001400288990001200302990001200314990001200326990001200338INLIS000000000000549 ind  a0010-0424000525 aEnsiklopedia Seni Budaya; Cara Terbaru Belajar Gitar ( Teknik Dasar Gitar Melodi )cFirdaus Budhi A. aBudhi A, Firdaus a1 aYogyakarta :bCitra Aji Paramac2013 a80 hlm a700 FIR e a700 aNon Fiksi a0722224 a0722225 a0722226 a0722227